• 首页
  • 本馆介绍
  • 公告通知
  • 最新文献
  • 馆藏检索
  • 电子资源
  • 读者导购
  • 参考咨询
  • 我的图书馆
  • 登录
  • 详细信息显示
  • 放入我的书架
  • 预约/预借图书
  • 作者相关作品
  • 分类相关作品
  • 丛书相关作品
  • 出版社相关作品

书目信息

  • 表格格式
  • 工作单格式
  • 卡片格式
题名:
战略性自主创新政策
    
 
作者: 牛君 著
分册:  
出版信息: 北京   中国社会科学出版社  2013
页数: 178页
开本: 24cm
丛书名:
单 册:
中图分类: F720
科图分类:
主题词: 高技术产业--战略性贸易政策--研究--中国 , 高技术产业 , 战略性贸易政策
电子资源:
ISBN: 978-7-5161-3632-4
000 01338nam0 2200277 450
001 524
005 20140909100434.20
010    @a978-7-5161-3632-4@dCNY46.00
100    @a20140123d2013 em y0chiy50 ea
101 0  @achi
102    @aCN@b110000
105    @ay z 000yy
106    @ar
200 1  @a战略性自主创新政策@AZhan Lue Xing Zi Zhu Chuang Xin Zheng Ce@e基于自主创新的战略性贸易政策研究@EJi Yu Zi Zhu Chuang Xin De Zhan Lue Xing Mao Yi Zheng Ce Yan Jiu@f牛君著@FNiu Jun Zhu
210    @a北京@c中国社会科学出版社@d2013
215    @a178页@d24cm
300    @a国家社会科学基金项目《基于自主创新的战略性贸易政策与我国对外贸易结构优化的研究》阶段性成果
330    @a本书以WTO背景下的补贴与反补贴规则为切入点,分析了在目前WTO反补贴背景下实施战略性自主创新的可行性,并以出口退税、专利行为、碳关税、战略性新兴产业和西部地区区域创新为对象,从不同侧面对在高技术领域实施战略性自主创新政策进行了分析。同时指出了在我国高技术产业实施战略性自主创新政策应采取的宏观和微观政策措施。
517 1  @a基于自主创新的战略性贸易政策研究@AJi Yu Zi Zhu Chuang Xin De Zhan Lue Xing Mao Yi Zheng Ce Yan Jiu
606 0  @a高技术产业@x战略性贸易政策@x研究@y中国
606 0  @a高技术产业
606 0  @a战略性贸易政策
690    @aF720@v5
701  0 @a牛君@ANiu Jun@f(1971~)@4著
801  0 @aCN@bTANGWEI@c20140603
905    @b0839197-99@dF720@e63@f3
    
    战略性自主创新政策:基于自主创新的战略性贸易政策研究/牛君著.-北京:中国社会科学出版社,2013
    178页;24cm
    国家社会科学基金项目《基于自主创新的战略性贸易政策与我国对外贸易结构优化的研究》阶段性成果
    
    ISBN 978-7-5161-3632-4:CNY46.00
    本书以WTO背景下的补贴与反补贴规则为切入点,分析了在目前WTO反补贴背景下实施战略性自主创新的可行性,并以出口退税、专利行为、碳关税、战略性新兴产业和西部地区区域创新为对象,从不同侧面对在高技术领域实施战略性自主创新政策进行了分析。同时指出了在我国高技术产业实施战略性自主创新政策应采取的宏观和微观政策措施。
●
相关链接 在E读中查询图书 在五车中查询图书 在当当中查询图书 在豆瓣中查询图书


正题名:战略性自主创新政策     索取号:F720/63         预约/预借

序号 登录号 条形码 馆藏地/架位号 状态 备注
1 0839197   208391970   第一样本阅览室/ [索取号:F720/63] 在馆    
2 0839198   208391989   第一借阅区/ [索取号:F720/63] 在馆    
3 0839199   208391998   密集书库-海洋学院/ [索取号:F720/63] 在馆    
唐山师范学院图书馆 欢迎您!
大连网信软件有限公司© 版权所有